Genetic algorithms for pattern recognition

Αποθηκεύτηκε σε:
Λεπτομέρειες βιβλιογραφικής εγγραφής
Άλλοι συγγραφείς: Pal, Sankar K. (Επιμελητής έκδοσης), Wang, Paul P. (Επιμελητής έκδοσης)
Μορφή: Βιβλίο
Γλώσσα:English
Δημοσίευση: Boca Raton : CRC Press, c1996
Θέματα:
Ετικέτες: Προσθήκη ετικέτας
Δεν υπάρχουν, Καταχωρήστε ετικέτα πρώτοι!

MARC

LEADER 00000cam a2200000 i 4500
001 1/96915
008 991216s1996 eng d
020 |a 0849394678 
035 |l 10055941 
040 |a GR-MY-UA  |b gre  |e aacr 
041 0 |a eng 
082 0 |a 006.4 
245 1 0 |a Genetic algorithms for pattern recognition /  |c edited by Sankar K. Pal, Paul P. Wang 
260 |a Boca Raton :   |b CRC Press,   |c c1996 
300 |a xx, 314 p.;  |b ill.;  |c 24 cm. 
504 |a Includes bibliographical references and index 
650 0 0 |a Pattern perception. 
650 0 0 |a Machine learning. 
650 0 0 |a Genetic algorithms. 
700 0 |a Pal, Sankar K.  |4 edt 
700 0 |a Wang, Paul P.  |4 edt 
852 |a INST  |b SAMOS  |e 19991216  |h 006.4 GEN  |p 005300016217  |q 005300016217  |t BK  |y 0 
901 |a BIBL3-2000-2 
909 |a Σ  |b 071517 
922 |a 3ΕΛΗ  |b 199912  |c ΤΠΕΣ  |d ΠΑΠΑΣΩΤΗΡΙΟΥ 
950 |a 133-1999-07-20 
970 |z 2000/05/ΜΠΡΑΤΤΗΣ